LEADER 01047nam a2200229 u 4500 001 000000078126 003 CaOOAMICUS 005 20070226123409.0 008 040324s1850 fr u000 u fre u 035 $a10988208 040 $aPUL(R)$bita 100 1 $aTroche, Nicolas-Michel.$0(OLS)http://pul/name/45765 245 10$aMémoire historique et archéologique sur l'hotel du Chevalier Du Guet, à Paris... /$cpar N.-M. Troche.. 260 $aParis :$bPaul Dupont,$c1850. 300 $a15 p. ;$c23 cm 651 4$aFrancia$xDescrizione e viaggi.$0(OLS)http://pul/subject/27148 850 $aPUL 852 $aPUL$W1$xDP1 Antico 800$y27$m143 E 17$j100239$nBK-PRI$b $qStampati Antico$B100239$CPULBib$Z2$F100239 $H $81 941 1 $a15 961 $aINV: Rilegato con : "Notice sur l'hotel du Chevalier Du Guet", Paris. 996 $6245$aMémoire historique et archéologique sur l'hotel du Chevalier Du Guet, à Paris...$9(OLS)http://pul/title/102385 996 $6260$aParis :$bPaul Dupont$9(OLS)http://pul/publisher/75347 LEADER 02283nam a2200397 a 4500 001 000000173371 003 CaOOAMICUS 005 20200309120240.0 008 200309s2019 it u000 u ita r 020 $a978-88-8333-842-7* 032 $aLibriCat 040 $aPUL$bita 082 04$a262.9 111 2 $aGiornata interdisciplinare di studio sull'antropologia giuridica della famiglia$n(2:$d2019:$cRoma).$0(OLS)http://pul/name/111365 245 12$aL'autorità genitoriale, limite o diritto dei figli? :$bII Giornata interdisciplinare di studio sull'antropologia giuridica della famiglia /$cÁlvaro González Alonso ; Jaime Abascal Martinez (a cura di) 260 $aRoma :$bEDUSC,$c©2019. 300 $a210 p. ;$c24 cm 490 1 $aSubsidia canonica ;$v27 500 $aRiferimenti bibliografici in nota. 500 $aIn testa alla cop.: Pontificia Università della Santa Croce. Facoltà di diritto canonico. 650 4$aFamiglia$xCongressi.$0(OLS)http://pul/subject/15540 650 4$aGenitori$xResponsabilità civile.$0(OLS)http://pul/subject/40653 700 1 $aGonzález Alonso, Álvaro.$0(OLS)http://pul/name/96090 700 1 $aAbascal Martínez, Jaime.$0(OLS)http://pul/name/96094 710 2 $aPontificia Università della Santa Croce.$bFacoltà di diritto canonico.$0(OLS)http://pul/name/86885 830 0$aSubsidia canonica$cÁlvaro González Alonso ; Jaime Abascal Martinez (a cura di) ;$v27.$0(OLS)http://pul/title/67028 850 $aPUL 852 $aPUL$W1$xDP2 Diritto Canonico 3$y99$m262. 9 COLL 8.27B$j198517$b2a copia$qDDC 21$B203087$CPULBib$Z2$F203087 $H134719 $82 852 $aPUL$W1$xSL Diritto Canonico 3$y77$m262. 9 COLL 8.27$j197365$qDDC 21$B202148$CPULBib$Z2$F202148 $H134203 $82 941 1 $a9 960 $aResponsabilità genitoriale$940653 996 $6020$a978-88-8333-842-7*$9(OLS)http://pul/number/167378 996 $6082$a262.9$9(OLS)http://pul/classification/369 996 $6245$aL'autorità genitoriale, limite o diritto dei figli? :$bII Giornata interdisciplinare di studio sull'antropologia giuridica della famiglia$9(OLS)http://pul/title/214536 996 $6260$aRoma :$bEDUSC$9(OLS)http://pul/publisher/79480